000 00249nam a2200097Ia 4500
001 681556
005 20250826161402.0
008 250824s9999 xx 000 0 und d
245 0 _aKARAGÖZ İLE HACİVAT
_c100 TEMEL ESER
260 _bAKVARYUM YAYINEVİ
999 _c681556
_d681556